000 00454nam a2200169Ia 4500
003 GCL
008 140319s9999 xx 000 0 ara d
040 _aGCL /
_cGCL
082 0 4 _a953.2
_bا ل
100 1 _aابراهيم بن على الوزير
245 1 0 _aلكى لا نمضى فى الظلام /
_cابراهيم بن على الوزير
300 _a131 ص
490 _a
650 0 4 _aتاريخ
650 0 4 _aاليمن
942 _2ddc
_cBK
999 _c45071
_d45071